000 00715nam a22002417a 4500
005 20170124110044.0
010 _a147642
020 _c00.00
035 _a147642
037 _bCen Lib/Ret
040 _aDPL
_bEN
082 _a881
_bKAZ
100 _aKazantzakis, Nikos
_924261
245 _aThe odyssey :
_cby Nikos Kazantzakis; translated by Kimon Friar; illustrated by Ghika
_ba modern sequel /
260 _aLondon
_bSecker and Warburg
_c1958
270 _bLondon
300 _axxxviii, 824p.
_c22cm(Hb)
650 _aAmerican literature
_923223
650 _aEnglish Drama
_924262
700 _aFriar, Kimon
_923675
700 _aGhika
_924263
942 _2ddc
_cEN
_h881
_mKAZ
999 _c128736
_d128736